| 000 | 00544nam a22001937a 4500 | ||
|---|---|---|---|
| 999 |
_c8687 _d8687 |
||
| 003 | AR-CdUCM | ||
| 008 | 190325b ||||| |||| 00| 0 spa d | ||
| 020 | _a84-85734-58-0 | ||
| 040 |
_aMUNICIPALIDAD PROVINCIAL DEL CUSCO _cBIBLIOTECA MUNICIPAL DEL CUSCO |
||
| 082 |
_a220 / _bSA15 |
||
| 245 | _aLa Sagrada Biblia / | ||
| 260 |
_aMadrid : _bCultural S. A. ; _c1986. |
||
| 300 |
_a1324 páginas ; _c26cm |
||
| 505 | _aContenido: Biblia | ||
| 650 |
_aBiblia _94856 |
||
| 710 |
_aCultural S. A. _924275 |
||
| 942 |
_2ddc _cLIBROS |
||
| 945 | _anom | ||